|
|
|
|
| LEADER |
00990cam a2200265 7i4500 |
| 001 |
0000033356 |
| 005 |
20160715090000.0 |
| 007 |
##ta |
| 008 |
160715s2015 enk eng |
| 020 |
# |
# |
|a 9781910556009
|
| 040 |
# |
# |
|a Uk
|
| 090 |
0 |
0 |
|a U.K 338.7402541
|b KEY
|
| 245 |
0 |
0 |
|a Key British Enterprises 2015 :
|b Britain's Top 50,000 Companies.
|
| 264 |
# |
1 |
|a London:
|b Dun & Bradstreet Ltd.,
|c 2015.
|
| 300 |
# |
# |
|a Volume 1 [1054 pages];
|c 30 cm.
|
| 336 |
# |
# |
|a text
|2 rdacontent
|
| 337 |
# |
# |
|a unmediated
|2 rdamedia
|
| 338 |
# |
# |
|a volume
|2 rdacarrier
|
| 650 |
# |
0 |
|a Industries --
|z Great Britain
|
| 650 |
# |
0 |
|a Business enterprises --
|z Great Britain
|
| 651 |
# |
0 |
|a Great Britain --
|x Commerce
|
| 999 |
|
|
|a B000037525
|b Directories
|c Countries
|e Business Information Centre
|
| 999 |
|
|
|a B000037526
|b Directories
|c Regions
|e Business Information Centre
|
| 999 |
|
|
|a B000037527
|b Directories
|c Regions
|e Business Information Centre
|
| 999 |
|
|
|a B000037528
|b Directories
|c Regions
|e Business Information Centre
|